书目信息 |
| 题名: |
哲学的故事
|
|
| 作者: | 龚耘 , 彭克慧 著 | |
| 分册: | ||
| 出版信息: | 北京 光明日报出版社 2005.07 |
|
| 页数: | 221页, [9] 页图版 | |
| 开本: | 23cm | |
| 丛书名: | 彩色人文故事 | |
| 单 册: | ||
| 中图分类: | B1-49 | |
| 科图分类: | ||
| 主题词: | 哲学史--zhe xue shi--世界--通俗读物 | |
| 电子资源: | ||
| ISBN: | 7-80145-965-2 | |
| 000 | 01199nam 2200277 450 | |
| 001 | 012006677905 | |
| 005 | 20060927092732.20 | |
| 010 | @a7-80145-965-2@dCNY29.80 | |
| 100 | @a20060825d2005 km y0chiy0120 ea | |
| 101 | 0 | @achi |
| 102 | @aCN@b110000 | |
| 105 | @aaf a 000yy | |
| 200 | 1 | @a哲学的故事@Azhe xue de gu shi@d= Stories of philosophy@f龚耘, 彭克慧著@Fgong yun,peng ke hui zhu@zeng |
| 210 | @a北京@c光明日报出版社@d2005.07 | |
| 215 | @a221页, [9] 页图版@c图@d23cm | |
| 225 | 2 | @a彩色人文故事@Acai se ren wen gu shi |
| 320 | @a有书目。 | |
| 330 | @a本书以故事形式讲述哲学的发展、记录哲学大师的历程,50个精彩篇章连缀成一幅精彩的哲学画卷。语言生动,通俗易懂,注重科学性、文化性和趣味性的统一,使艰深的思想变得亲切生动。300余幅精美图片,包括绘画、雕塑、人像、书影、遗址等,与文字交相辉映,在展示哲学世界博大精深的同时,又增添丰富的视觉效果。文化、历史、艺术、设计的精彩融合带你步入愉快的彩色读书之旅…… | |
| 410 | 0 | @12001 @a彩色人文故事 |
| 510 | 1 | @aStories of philosophy@zeng |
| 606 | 0 | @a哲学史@Azhe xue shi@y世界@j通俗读物 |
| 690 | @aB1-49@v4 | |
| 701 | 0 | @a龚耘@Agong yun@4著 |
| 701 | 0 | @a彭克慧@Apeng ke hui@4著 |
| 801 | 0 | @aCN@c20060927 |
| 905 | @a10447@dB1-49@eG397 | |
| 哲学的故事= Stories of philosophy/龚耘, 彭克慧著.-北京:光明日报出版社,2005.07 |
| 221页, [9] 页图版:图;23cm.-(彩色人文故事) |
| ISBN 7-80145-965-2:CNY29.80 |
| 本书以故事形式讲述哲学的发展、记录哲学大师的历程,50个精彩篇章连缀成一幅精彩的哲学画卷。语言生动,通俗易懂,注重科学性、文化性和趣味性的统一,使艰深的思想变得亲切生动。300余幅精美图片,包括绘画、雕塑、人像、书影、遗址等,与文字交相辉映,在展示哲学世界博大精深的同时,又增添丰富的视觉效果。文化、历史、艺术、设计的精彩融合带你步入愉快的彩色读书之旅…… |
| ● |
| 相关链接 |
|
|
|
正题名:哲学的故事
索取号:B1-49/G397
 
预约/预借
| 序号 | 登录号 | 条形码 | 馆藏地/架位号 | 状态 | 备注 |
| 1 | 220664 | 202206647 | 社科库509/ [索取号:B1-49/G397] | 在馆 | |
| 2 | 220665 | 202206656 | 社科库509/422社科库 26排3列6层/ [索取号:B1-49/G397] | 在馆 | |
| 3 | 220666 | 202206665 | 社科库509/ [索取号:B1-49/G397] | 在馆 |